| 000 | 00000nam 2200000za 4500 |
| 001 | 9.606635 |
| 003 | CaOODSP |
| 005 | 20250319165014 |
| 007 | cr ||||||||||| |
| 008 | 150406|2012||||xxc|||||o f|0| 0 fre d |
| 040 | |aCaOODSP|bfre |
| 043 | |an-cn--- |
| 086 | 1 |aSE7-1/2012-3F-PDF |
| 245 | 00|aDes aînés canadiens |h[ressource électronique] : |bun profil démographique / |cpréparé par Rohan Kembhavi. |
| 260 | |aOttawa : |bÉlections Canada, |c2012. |
| 300 | |a5 p. : |bgraphique |
| 490 | 1 |aNote de recherche |
| 500 | |a« Novembre 2012. » |
| 590 | |a14-07-Supp|b2014-04-03 |
| 691 | 07|aAîné|2gcpds |
| 691 | 07|aDonnées démographiques|2gcpds |
| 710 | 2 |aÉlections Canada. |
| 775 | 08|tCanadian seniors |w(CaOODSP)9.578901 |
| 830 | #0|aNote de recherche.|w(CaOODSP)9.504131 |
| 856 | 40|ahttp://publications.gc.ca|qPDF|s402 Ko|uhttps://publications.gc.ca/collections/collection_2014/elections/SE7-1-2012-3-fra.pdf |